Discursos Premios Nobel, 1 (Registro nro. 3099)
[ vista simple ]
| 000 -CABECERA | |
|---|---|
| Longitud fija campo de control | 01194nam a2200277 i 4500 |
| 005 - • FECHA Y HORA DE LA ÚLTIMA TRANSACCIÓN | |
| Fecha y hora de la última transacción | 20220317000108.0 |
| 007 - • CAMPO FIJO DE DESCRIPCIÓN FÍSICA | |
| Campo fijo de descripción física | ta |
| 008 - • CÓDIGOS DE INFORMACIÓN DE LONGITUD FIJA | |
| Códigos de información de longitud fija | 141031s2003 ck gr 000 0 spa d |
| 020 ## - • NÚMERO INTERNACIONAL NORMALIZADO PARA LIBROS | |
| Número Internacional Normalizado para Libros (ISBN) | 9589520987 |
| 040 ## - FUENTE DE LA CATALOGACIÓN | |
| Centro catalogador de origen | CO-BoRNBP |
| Lengua de catalogación | spa |
| Centro transcriptor | CO-BoRNBP |
| Normas de descripción | rda |
| 082 04 - • NÚMERO DE LA CLASIFICACIÓN DECIMAL DEWEY | |
| Número de clasificación (R) | 808.85 |
| Número del ítem | D37c1 |
| 110 2# - • PUNTO DE ACCESO PRINCIPAL-NOMBRE DE ENTIDAD CORPORATIVA | |
| Nombre de entidad corporativa o nombre de jurisdicción como elemento inicial | Fundación Comun Presencia |
| 245 10 - • TITULO PROPIAMENTE DICHO | |
| Título | Discursos Premios Nobel, 1 |
| Mención de responsabilidad, etc. | compilación, edición y traducción Fundación Común Presencia |
| 250 ## - • MENCIÓN DE EDICIÓN | |
| Mención de edición | Segunda edición |
| 264 #1 - PRODUCCIÓN, PUBLICACIÓN , DISTRIBUCIÓN, FABRICACIÓN Y COPYRIGHT | |
| Lugar de producción, publicación, distribución, fabricación | Bogotá |
| Nombre del productor, editor, distribuidor, fabricante | Común Presencia |
| Fecha de de producción, publicación, distribución, fabricación o copyright | 2003 |
| 300 ## - • DESCRIPCIÓN FÍSICA | |
| Extensión | 139 páginas |
| Dimensiones | 24 cm |
| 336 ## - TIPO DE CONTENIDO | |
| Término de tipo de contenido | texto |
| Código de tipo de contenido | txt |
| Fuente | rdacontent |
| 337 ## - TIPO DE MEDIO | |
| Nombre del tipo de medio | sin mediación |
| Código del tipo de medio | n |
| Fuente | rdamedia |
| 338 ## - TIPO DE SOPORTE | |
| Nombre del tipo de soporte | volumen |
| Código del tipo de soporte | nc |
| Fuente | rdacarrier |
| 505 1# - • NOTA DE CONTENIDO CON FORMATO | |
| Nota de contenido con formato | La búsqueda del presente / Octavio Paz -- De cómo un personaje llegó a ser el maestro y el autor su aprendiz / José Saramago -- Y la poesía no habrá cantado en vano / Pablo Neruda -- El papel del escritor / Albert Camus -- La ciencia poética / Saint-John |
| 650 17 - • PUNTO DE ACCESO ADICIONAL DE MATERIA - TÉRMINO DE MATERIA | |
| Término de materia o nombre geográfico como elemento inicial | Autores en la literatura |
| Subdivisión de forma | Discursos |
| Fuente del encabezamiento o término | LEMB |
| 650 17 - • PUNTO DE ACCESO ADICIONAL DE MATERIA - TÉRMINO DE MATERIA | |
| Término de materia o nombre geográfico como elemento inicial | Premios nobel |
| Subdivisión de materia general | Biografías |
| Subdivisión cronológica | Siglo XX |
| Fuente del encabezamiento o término | LEMB |
| 700 10 - • PUNTO DE ACCESO ADICIONAL - NOMBRE DE PERSONA | |
| Nombre de persona | Osorio, Amparo |
| Término indicativo de función | editor |
| 700 10 - • PUNTO DE ACCESO ADICIONAL - NOMBRE DE PERSONA | |
| Nombre de persona | Márquez Cristo, Gonzalo |
| Fechas asociadas al nombre | 1963- |
| Término indicativo de función | editor |
| 942 ## - ENTRADA DE ELEMENTOS AGREGADOS (KOHA) | |
| Fuente de clasificaión o esquema | Dewey Decimal Classification |
| Koha [por defecto] tipo de item | Libro Literatura |
| Perdido | Fuente de clasificación o esquema | Estado Físico | No para préstamo | Forma de adquisición | Localización permanente | Localización actual | Localización en estanterías | Fecha adquisición | Préstamos totales | Signatura completa | Código de barras | Fecha última consulta | Número de copia | Fecha del precio de reemplazo | Tipo de item de Koha | Serie de enumeración / cronolog&íacute;a |
|---|---|---|---|---|---|---|---|---|---|---|---|---|---|---|---|---|
| Dewey Decimal Classification | Colección General | Biblioteca Pública Mapiripan | Biblioteca Pública Mapiripan | General | 01/18/2024 | 808.51 D37c1 | MAP00002707 | 01/18/2024 | Ej.1 | 01/18/2024 | Libro Literatura | |||||
| Dewey Decimal Classification | Colección General | Biblioteca Pública Mapiripan | Biblioteca Pública Mapiripan | General | 01/18/2024 | 808.51 D37c2 | MAP00002708 | 01/18/2024 | Ej.1 | 01/18/2024 | Libro Literatura | TOM II | ||||
| Dewey Decimal Classification | Colección General | Biblioteca Pública Mapiripan | Biblioteca Pública Mapiripan | General | 01/18/2024 | 808.51 D37c3 | MAP00002709 | 01/18/2024 | Ej.1 | 01/18/2024 | Libro Literatura | TOMO III | ||||
| Clasificación Local Facetada | Colección General | Biblioteca Pública Puerto Concordia | Biblioteca Pública Puerto Concordia | General | 03/02/2026 | 808.85 D37c1 | PCON02393 | 03/02/2026 | TOMO I | 03/02/2026 | Libro Literatura | |||||
| Clasificación Local Facetada | Colección General | Biblioteca Pública Puerto Concordia | Biblioteca Pública Puerto Concordia | General | 03/02/2026 | 808.85 D37c2 | PCON02394 | 03/02/2026 | TOMO II | 03/02/2026 | Libro Literatura | |||||
| Clasificación Local Facetada | Colección General | Biblioteca Pública Puerto Concordia | Biblioteca Pública Puerto Concordia | General | 03/02/2026 | 808.85 D37c3 | PCON02395 | 03/02/2026 | TOMO III | 03/02/2026 | Libro Literatura | |||||
| Dewey Decimal Classification | Colección General | Biblioteca Pública Puerto Rico | Biblioteca Pública Puerto Rico | General | 02/15/2023 | 808.51D37c1 | PR0000042 | 02/15/2023 | Ej.1 | 02/15/2023 | Libro Literatura | |||||
| Dewey Decimal Classification | Colección General | Biblioteca Pública Uribe - Reinerio Arenas | Biblioteca Pública Uribe - Reinerio Arenas | General | 08/16/2024 | 808.51 D37c1 | URI01086 | 08/16/2024 | Ej.1 | 08/16/2024 | Libro Literatura |